| 000 | 006740000a22002170004500 | ||
|---|---|---|---|
| 003 | LK-CoMWRAF | ||
| 005 | 20240212125443.0 | ||
| 008 | 230817t2003 ||||| |||| 00| 0 eng d | ||
| 020 | _a8170131111 | ||
| 040 |
_aLK-CoMWRAF _dLK-CoMWRAF _eLK-CoMWRAF |
||
| 041 | _aeng | ||
| 082 |
_a305.89 _bSEL |
||
| 100 | _aSeligmann, C.G. | ||
| 245 | _aThe Veddas | ||
| 260 |
_aNew Delhi: _bNavrang, _c2003 |
||
| 300 |
_axix, 463 p., [71] leaves of plates : ill., maps, ports., music ; 22 cm + folded map in back pocket. _bIndex included |
||
| 650 | _aVEDDA(SRI LANKAN PEOPLE) | ||
| 700 | _aSeligmann, Brenda Z. | ||
| 856 | _uhttps://www.berose.fr/IMG/pdf/the_veddas.pdf | ||
| 942 | _cBK | ||
| 999 |
_c950 _d950 |
||